Normal view MARC view

Entry Personal Name

Number of records used in: 1

001 - CONTROL NUMBER

  • control field: 7887

003 - CONTROL NUMBER IDENTIFIER

  • control field: dpl

005 - DATE AND TIME OF LATEST TRANSACTION

  • control field: 20100806150732.0

008 - FIXED-LENGTH DATA ELEMENTS

  • fixed length control field: 100806|||a|||||| | ||| d

040 ## - CATALOGING SOURCE

  • Original cataloging agency: dpl
  • Transcribing agency: dpl

100 ## - HEADING--PERSONAL NAME

  • Personal name: तिवारी, रामानुज

670 ## - SOURCE DATA FOUND

  • Source citation: Work cat.: (dpl)33222: तिवारी, रामानुज, स्वतन्त्रता संग्राम का प्रथम पुष्पः मंगल /, 2009

670 ## - SOURCE DATA FOUND

  • Source citation: Work cat.: (dpl)33222: तिवारी, रामानुज, स्वतन्त्रता संग्राम का प्रथम पुष्पः मंगल /, 2009

© Delhi Public Library
Hit Counter
free hit counter